[Event "Titled Tue 10th Jun Late"]
[Site "chess.com INT"]
[Date "2025.06.10"]
[Round "1"]
[White "Antoniou, Rafail"]
[Black "Escareno Rojas, Angel Salvador"]
[Result "1-0"]
[WhiteTitle "CM"]
[WhiteElo "2134"]
[BlackElo "1965"]
[WhiteFideId "5904390"]
[BlackFideId "5107733"]
[EventDate "2025.06.10"]

1. g3 d5 2. Bg2 Nf6 3. Nf3 c5 4. O-O Nc6 5. d3 e5 6. Nc3 a6 7. e4 d4 8. Ne2 b5
9. Nd2 Bb7 10. h3 h5 11. f4 exf4 12. gxf4 h4 13. e5 Nd5 14. Ne4 Be7 15. c3 O-O
16. cxd4 cxd4 17. Bd2 Bb4 18. Bxb4 Ncxb4 19. Qd2 Nc6 20. Nd6 Qa5 21. Qxa5 Nxa5
22. Nxb7 Nxb7 23. Bxd5 Rab8 24. Bxb7 Rxb7 25. Rac1 Rd8 26. Rc5 Rb6 27. Rfc1 b4
28. R1c4 f6 29. Rxd4 Rxd4 30. Nxd4 fxe5 31. fxe5 Rg6+ 32. Kf2 Rg3 33. e6 Rxh3
34. Rc8+ Kh7 35. e7 Rh2+ 36. Kg1 Rxb2 37. e8=Q Rb1+ 38. Kh2 Rb2+ 39. Kh3 1-0

[Event "Titled Tue 10th Jun Late"]
[Site "chess.com INT"]
[Date "2025.06.10"]
[Round "1"]
[White "Ermachenko, Manuel"]
[Black "Gutierrez Carmona, Juan Alejandro"]
[Result "1-0"]
[WhiteTitle "CM"]
[BlackTitle "FM"]
[WhiteElo "2277"]
[BlackElo "2036"]
[WhiteFideId "24560952"]
[BlackFideId "5106770"]
[EventDate "2025.06.10"]

1. e4 e6 2. d4 d5 3. Nc3 Nf6 4. e5 Nfd7 5. Nce2 c5 6. c3 Nc6 7. Nf3 Be7 8. Nf4
a6 9. Bd3 b5 10. h4 Qb6 11. O-O cxd4 12. cxd4 Nxd4 13. Nxd4 Qxd4 14. Nxe6 Qxh4
15. Nc7+ Kd8 16. Nxa8 Bb7 17. Bd2 Bxa8 18. Rc1 b4 19. Bxa6 Nb6 20. Be3 d4 21.
Qxd4+ Qxd4 22. Bxd4 Nd5 23. Rc8+ 1-0

[Event "Titled Tue 10th Jun Late"]
[Site "chess.com INT"]
[Date "2025.06.10"]
[Round "1"]
[White "Gerbelli Neto, Eduardo"]
[Black "Kislinsky, Alexey"]
[Result "1/2-1/2"]
[BlackTitle "GM"]
[WhiteElo "2114"]
[BlackElo "2341"]
[WhiteFideId "2103281"]
[BlackFideId "14108801"]
[EventDate "2025.06.10"]

1. e4 c6 2. d4 d5 3. exd5 cxd5 4. c4 Nf6 5. Nc3 e6 6. Nf3 Be7 7. cxd5 Nxd5 8.
Bd3 Nc6 9. O-O O-O 10. Re1 Nf6 11. a3 b6 12. Bc2 Bb7 13. Qd3 g6 14. Bh6 Re8 15.
Rad1 Nd5 16. Ne4 Rc8 17. Ba4 a6 18. h4 b5 19. Bb3 Na5 20. Ne5 Nxb3 21. Qxb3 Bxh4
22. Qh3 Be7 23. Qf3 f6 24. Nd3 Ba8 25. Qh3 Kf7 26. Ndc5 Rc6 27. b4 f5 28. Nc3
Nxc3 29. Qxc3 Bg5 30. Bxg5 Qxg5 31. d5 Rxc5 32. bxc5 Bxd5 33. Rxd5 exd5 34. Rxe8
Kxe8 35. Qe5+ Qe7 36. Qxd5 Qe1+ 37. Kh2 Qxf2 38. c6 Qh4+ 39. Kg1 Qe1+ 40. Kh2
Qh4+ 41. Kg1 Qe1+ 42. Kh2 Qh4+ 1/2-1/2

[Event "Titled Tue 10th Jun Late"]
[Site "chess.com INT"]
[Date "2025.06.10"]
[Round "1"]
[White "Sturt, Raven"]
[Black "Atkeson, Christopher Timothy"]
[Result "1-0"]
[WhiteTitle "GM"]
[WhiteElo "2459"]
[BlackElo "2008"]
[WhiteFideId "2007304"]
[BlackFideId "39956547"]
[EventDate "2025.06.10"]

1. f4 d6 2. Nf3 Bg4 3. e4 Nd7 4. Bc4 e5 5. O-O Ngf6 6. h3 Bxf3 7. Qxf3 Be7 8. g4
exf4 9. d4 O-O 10. Bxf4 d5 11. Bxd5 Nxd5 12. exd5 Nb6 13. Nc3 c6 14. dxc6 Qxd4+
15. Be3 Qb4 16. cxb7 Rab8 17. Rae1 Qxb2 18. Bf4 Bc5+ 19. Kh1 Rxb7 20. Nd1 Qa3
21. Qxb7 Qxh3+ 22. Bh2 Qxg4 23. Re8 Qg6 24. Rxf8+ Bxf8 25. Ne3 h6 26. Nf5 Nc4
27. Qc8 Nd2 28. Ne7+ 1-0

[Event "Titled Tue 10th Jun Late"]
[Site "chess.com INT"]
[Date "2025.06.10"]
[Round "1"]
[White "Maklakova, Nellija"]
[Black "Huston, Gus"]
[Result "0-1"]
[BlackTitle "IM"]
[WhiteElo "1924"]
[BlackElo "2315"]
[WhiteFideId "11603470"]
[BlackFideId "30909090"]
[EventDate "2025.06.10"]

1. d4 Nf6 2. c4 e6 3. Nf3 d5 4. Nc3 a6 5. e3 Be7 6. Be2 O-O 7. O-O dxc4 8. Bxc4
b5 9. Be2 c5 10. a3 Bb7 11. b3 Nbd7 12. Bb2 Qb6 13. dxc5 Nxc5 14. Nd4 Rac8 15.
b4 Ncd7 16. Qb3 Ne5 17. a4 bxa4 18. Nxa4 Qxb4 19. Qxb4 Bxb4 20. Nb6 Rb8 21. f4
Neg4 22. Bxg4 Nxg4 23. Nd7 Nxe3 24. Rf2 Nc4 25. Nxf8 Nxb2 26. Nd7 Rd8 27. Rxb2
Bc3 28. Rxb7 Bxd4+ 29. Kf1 Bxa1 30. Ra7 g5 31. fxg5 Bd4 32. Rb7 Kg7 33. h4 Kg6
34. g4 a5 35. Nb6 Bxb6 36. Rxb6 Ra8 37. Rb3 a4 38. Ra3 f6 39. gxf6 Kxf6 40. Kf2
Ke5 41. Ke3 Ra7 42. h5 h6 43. Ra1 a3 44. Ra2 Ra4 45. Kf3 Kf6 46. Kg3 Kg5 47. Kf3
Rf4+ 48. Ke3 Rxg4 49. Kf3 Rf4+ 0-1

[Event "Titled Tue 10th Jun Late"]
[Site "chess.com INT"]
[Date "2025.06.10"]
[Round "1"]
[White "Nepomniachtchi, Ian"]
[Black "Liu, Zhaoqi"]
[Result "1-0"]
[WhiteTitle "GM"]
[BlackTitle "IM"]
[WhiteElo "2757"]
[BlackElo "2400"]
[WhiteFideId "4168119"]
[BlackFideId "8609381"]
[EventDate "2025.06.10"]

1. e4 e6 2. d4 d5 3. Nc3 Bb4 4. e5 c5 5. a3 Ba5 6. b4 cxd4 7. Nb5 Bc7 8. f4 Bd7
9. Nxc7+ Qxc7 10. Nf3 Ba4 11. Bd3 Ne7 12. O-O Qb6 13. Kh1 a6 14. Bb2 Nbc6 15.
Nxd4 Nxd4 16. Bxd4 Qc7 17. Qh5 Bb5 18. Rac1 Rc8 19. Bc5 Nf5 20. Bxf5 exf5 21.
Rfe1 g6 22. Qh6 Kd7 23. e6+ fxe6 24. Qg7+ Kc6 25. Rxe6+ 1-0

[Event "Titled Tue 10th Jun Late"]
[Site "chess.com INT"]
[Date "2025.06.10"]
[Round "1"]
[White "Elier, Ali"]
[Black "Fomevor, Cephas Clinton"]
[Result "1-0"]
[WhiteTitle "CM"]
[BlackTitle "CM"]
[WhiteElo "2142"]
[BlackElo "1883"]
[WhiteFideId "16217543"]
[BlackFideId "12601330"]
[EventDate "2025.06.10"]

1. c4 c6 2. g3 d5 3. Nf3 Nf6 4. Bg2 a6 5. b3 Bf5 6. Bb2 e6 7. O-O h6 8. d3 Bg4
9. h3 Bxf3 10. Bxf3 Be7 11. e4 O-O 12. e5 Nfd7 13. Qe2 Re8 14. h4 f6 15. Bh5
fxe5 16. Bxe8 Qxe8 17. Bxe5 Nxe5 18. Qxe5 Bf6 19. Qe3 Bxa1 20. d4 e5 21. dxe5
Qxe5 22. Qd3 Nd7 23. Nd2 Bc3 24. Nf3 Qf6 25. cxd5 Ne5 26. Nxe5 Qxe5 27. d6 Rd8
28. Rd1 c5 29. d7 Bd4 30. Qc4+ Kf8 31. Rd3 Rxd7 32. Rf3+ Ke7 33. Qg8 Kd6 34.
Qb8+ Ke6 35. Qc8 Qe1+ 36. Kg2 1-0

[Event "Titled Tue 10th Jun Late"]
[Site "chess.com INT"]
[Date "2025.06.10"]
[Round "1"]
[White "Loskutova, Viktoriya"]
[Black "Vokhidov, Shamsiddin"]
[Result "0-1"]
[WhiteTitle "WFM"]
[BlackTitle "GM"]
[WhiteElo "2092"]
[BlackElo "2644"]
[WhiteFideId "34166278"]
[BlackFideId "14204223"]
[EventDate "2025.06.10"]

1. e4 c5 2. Nf3 d6 3. d4 cxd4 4. Nxd4 Nf6 5. Nc3 a6 6. Bg5 e6 7. Qf3 h6 8. Bd2
Bd7 9. O-O-O Nc6 10. Nxc6 Bxc6 11. Bd3 Be7 12. Qg3 Kf8 13. Rhe1 Qc7 14. Kb1 b5
15. a3 Rb8 16. f4 a5 17. e5 dxe5 18. fxe5 Nd7 19. Rf1 Nxe5 20. Bf4 Bf6 21. Bg6
b4 22. Bxf7 bxc3 23. Qxc3 Ke7 24. Qc5+ Kxf7 25. Bxe5 Qb7 26. Qc3 Bb5 27. Bxf6
Bxf1 28. Bxg7 Rhc8 29. Rxf1+ Kg8 30. Qg3 Qxg7 0-1

[Event "Titled Tue 10th Jun Late"]
[Site "chess.com INT"]
[Date "2025.06.10"]
[Round "1"]
[White "Firouzja, Alireza"]
[Black "Unsal, Gorkem"]
[Result "1-0"]
[WhiteTitle "GM"]
[BlackTitle "CM"]
[WhiteElo "2766"]
[BlackElo "2109"]
[WhiteFideId "12573981"]
[BlackFideId "51607484"]
[EventDate "2025.06.10"]

1. e4 c5 2. Nf3 Nc6 3. d4 cxd4 4. Nxd4 e5 5. Nb5 d6 6. N1c3 a6 7. Na3 Be7 8. Nd5
Nf6 9. Be3 Nxd5 10. exd5 Nb8 11. Nc4 Nd7 12. a4 O-O 13. a5 f5 14. Be2 f4 15. Bb6
Qe8 16. Bd3 Nf6 17. f3 e4 18. fxe4 Bg4 19. Be2 Bxe2 20. Qxe2 Nxe4 21. O-O-O Bf6
22. Rhe1 Bxb2+ 23. Nxb2 Qb5 24. Qxb5 axb5 25. Rxe4 1-0

[Event "Titled Tue 10th Jun Late"]
[Site "chess.com INT"]
[Date "2025.06.10"]
[Round "1"]
[White "Boci, Mateu"]
[Black "Fernandes, Rogerio Paulo Muller"]
[Result "1-0"]
[WhiteTitle "FM"]
[WhiteElo "2274"]
[BlackElo "2241"]
[WhiteFideId "4704665"]
[BlackFideId "2101599"]
[EventDate "2025.06.10"]

1. e4 e6 2. d4 d5 3. Nd2 c5 4. Ngf3 cxd4 5. exd5 Qxd5 6. Bc4 Qd6 7. Ne4 Qb4+ 8.
Nfd2 Nf6 9. c3 dxc3 10. bxc3 Qa5 11. Nxf6+ gxf6 12. O-O Nc6 13. Ne4 Be7 14. Be3
f5 15. Nd6+ Bxd6 16. Qxd6 Qd8 17. Qg3 Qe7 18. Qg7 Qf8 19. Qf6 Rg8 20. Rad1 Bd7
21. Qh4 Qe7 22. Qh3 O-O-O 23. Bb5 a6 24. c4 Kb8 25. Bb6 Rc8 26. Ba4 f4 27. Rd2
Ne5 28. Bd4 Nxc4 29. Bxd7 Nxd2 30. Be5+ Rc7 31. Rc1 Qxd7 32. Rxc7 1-0

[Event "Titled Tue 10th Jun Late"]
[Site "chess.com INT"]
[Date "2025.06.10"]
[Round "1"]
[White "Rees, Ioan"]
[Black "Shankland, Sam"]
[Result "0-1"]
[WhiteTitle "FM"]
[BlackTitle "GM"]
[WhiteElo "2280"]
[BlackElo "2666"]
[WhiteFideId "1801236"]
[BlackFideId "2004887"]
[EventDate "2025.06.10"]

1. Nf3 c5 2. g3 d5 3. Bg2 Nf6 4. O-O h6 5. c4 d4 6. b4 Nbd7 7. d3 e5 8. Nbd2
cxb4 9. a3 a5 10. Ne1 Rb8 11. Nc2 bxa3 12. Bxa3 Bxa3 13. Nxa3 O-O 14. Nb5 b6 15.
Nd6 Nc5 16. Nxc8 Qxc8 17. Nb3 Nfd7 18. Nxc5 Nxc5 19. Qb1 Qd7 20. Qb2 Na4 21. Qc2
Nc3 22. e3 a4 23. f4 b5 24. cxb5 Rb6 25. Bc6 Qd6 26. fxe5 Qxe5 27. exd4 Qxd4+
28. Qf2 Rd8 29. Qxd4 Rxd4 30. Rf3 Nxb5 31. Bxb5 Rxb5 32. Re3 Rb2 33. Re4 Rxd3
34. Rexa4 Rdd2 35. Rh4 f6 36. Rf1 Kh7 37. Kh1 g5 38. Rh5 Kg6 39. g4 Rg2 40. h3
Rh2+ 41. Kg1 Rbg2# 0-1

[Event "Titled Tue 10th Jun Late"]
[Site "chess.com INT"]
[Date "2025.06.10"]
[Round "1"]
[White "Panarin, Mikhail"]
[Black "Dambaev, Dashi"]
[Result "1-0"]
[WhiteTitle "GM"]
[BlackTitle "CM"]
[WhiteElo "2562"]
[BlackElo "2211"]
[WhiteFideId "4153251"]
[BlackFideId "55628494"]
[EventDate "2025.06.10"]

1. e4 c5 2. Nf3 d6 3. d4 cxd4 4. Nxd4 Nf6 5. Nc3 g6 6. Be3 Bg7 7. f3 O-O 8. Qd2
Nc6 9. O-O-O d5 10. exd5 Nxd5 11. Nxc6 bxc6 12. Nxd5 cxd5 13. Bh6 Bxh6 14. Qxh6
Rb8 15. h4 Qb6 16. b3 Bf5 17. Bd3 Bxd3 18. Rxd3 Rfc8 19. h5 Qc6 20. Qd2 Qf6 21.
Kb1 g5 22. Rxd5 h6 23. Rd1 Rc6 24. Qd4 Kg7 25. Kb2 Rbc8 26. c4 a6 27. Kc3 e5 28.
Qxe5 Re6 29. Qxf6+ Kxf6 30. Rd6 Re8 31. b4 Ke5 32. Rxe6+ Rxe6 33. Re1+ 1-0

[Event "Titled Tue 10th Jun Late"]
[Site "chess.com INT"]
[Date "2025.06.10"]
[Round "1"]
[White "Ebrahimi Herab, Hamidreza"]
[Black "Mika, Tomasz"]
[Result "1-0"]
[WhiteTitle "FM"]
[BlackTitle "CM"]
[WhiteElo "2404"]
[BlackElo "2227"]
[WhiteFideId "22512888"]
[BlackFideId "1132970"]
[EventDate "2025.06.10"]

1. d4 Nf6 2. c4 e6 3. Nc3 Bb4 4. f3 c5 5. d5 b5 6. e4 d6 7. Bd2 Bxc3 8. Bxc3 b4
9. Bd2 exd5 10. cxd5 O-O 11. Be3 Nbd7 12. Ne2 Nh5 13. g4 Ne5 14. gxh5 Nxf3+ 15.
Kf2 Qh4+ 16. Kxf3 Bg4+ 17. Kg2 Qh3+ 18. Kf2 Qf3+ 19. Ke1 Qxh1 20. Ng3 Bxd1 21.
Nxh1 Bxh5 22. Ng3 Bg6 23. Kd2 Rfe8 24. Bg2 c4 25. h4 h6 26. Bf4 Red8 27. Rc1
Rac8 28. Bf1 Re8 29. Ke3 Bxe4 30. Nxe4 f5 31. Bg2 fxe4 32. Bh3 Rc5 33. Be6+ Rxe6
34. dxe6 d5 35. e7 Kf7 36. Bd6 Rb5 37. Rf1+ 1-0

[Event "Titled Tue 10th Jun Late"]
[Site "chess.com INT"]
[Date "2025.06.10"]
[Round "1"]
[White "Aditya, Varun Gampa"]
[Black "Vazelakis, Dimitrios"]
[Result "1-0"]
[WhiteTitle "FM"]
[WhiteElo "2186"]
[BlackElo "1857"]
[WhiteFideId "45066183"]
[BlackFideId "4203674"]
[EventDate "2025.06.10"]

1. a3 f5 2. b4 d6 3. Bb2 e5 4. e3 Nf6 5. c4 Be7 6. Nc3 O-O 7. d3 Kh8 8. Nf3 Qe8
9. Be2 a6 10. h4 Nc6 11. Ng5 h6 12. Nf3 Be6 13. Qc2 Rd8 14. O-O-O Bg8 15. Rh3
Bh7 16. Nd5 e4 17. dxe4 fxe4 18. Nd4 Qd7 19. Nxc6 bxc6 20. Nf4 a5 21. g4 axb4
22. axb4 d5 23. g5 Nh5 24. Nxh5 Qxh3 25. gxh6 Bf6 26. hxg7+ Bxg7 27. Bxg7+ Kg8
28. Bxf8 Rxf8 29. Rg1+ Kf7 30. cxd5 Rg8 31. Rxg8 Kxg8 32. Qxc6 Qh1+ 33. Kd2 Qxh4
34. Qe8# 1-0

[Event "Titled Tue 10th Jun Late"]
[Site "chess.com INT"]
[Date "2025.06.10"]
[Round "1"]
[White "Onur, Cigdem"]
[Black "Hoeffer, David"]
[Result "0-1"]
[WhiteTitle "WCM"]
[BlackTitle "FM"]
[WhiteElo "1956"]
[BlackElo "2295"]
[WhiteFideId "6346030"]
[BlackFideId "24606766"]
[EventDate "2025.06.10"]

1. e4 Nc6 2. Nf3 f5 3. exf5 d5 4. Bd3 Nh6 5. Nh4 Nb4 6. Qh5+ Nf7 7. O-O Nxd3 8.
cxd3 g6 9. fxg6 hxg6 10. Qxg6 Rxh4 11. Nc3 c6 12. b3 Rg4 13. Qh5 Qd6 14. a4 Rg5
15. Qh4 Qg6 16. g3 Rg4 17. Qh3 Rd4 18. Qg2 Ng5 19. Bb2 Bh3 20. Qh1 Rxd3 21. f4
Nf7 22. Rae1 Rxd2 23. Rf2 Rxf2 24. Kxf2 Bg7 25. Qf3 Bd4+ 26. Ke2 Qc2# 0-1

[Event "Titled Tue 10th Jun Late"]
[Site "chess.com INT"]
[Date "2025.06.10"]
[Round "1"]
[White "Barrientos, Ernesto"]
[Black "Mekhitarian, Krikor Sevag"]
[Result "0-1"]
[WhiteTitle "CM"]
[BlackTitle "GM"]
[WhiteElo "2027"]
[BlackElo "2564"]
[WhiteFideId "3701247"]
[BlackFideId "2107660"]
[EventDate "2025.06.10"]

1. e4 c5 2. Nf3 Nc6 3. d4 cxd4 4. Nxd4 Nf6 5. Nc3 e5 6. Ndb5 d6 7. Bg5 a6 8. Na3
b5 9. Bxf6 gxf6 10. Nd5 Bg7 11. c4 f5 12. cxb5 Nd4 13. b6 O-O 14. Bd3 Be6 15.
Nc4 fxe4 16. Bxe4 f5 17. Nc7 fxe4 18. Nxa8 Bxc4 19. Nc7 e3 20. fxe3 Qh4+ 21. g3
Qe4 22. Kd2 Rf2+ 23. Kc3 Rc2+ 0-1

[Event "Titled Tue 10th Jun Late"]
[Site "chess.com INT"]
[Date "2025.06.10"]
[Round "1"]
[White "Martinez Ramirez, Lennis"]
[Black "Mayaud, Raphael"]
[Result "0-1"]
[WhiteTitle "IM"]
[BlackTitle "CM"]
[WhiteElo "2442"]
[BlackElo "2126"]
[WhiteFideId "3509079"]
[BlackFideId "627151"]
[EventDate "2025.06.10"]

1. Nf3 d5 2. c4 c6 3. e3 Nf6 4. Nc3 g6 5. d4 Bg7 6. Be2 b6 7. O-O Bb7 8. b3 O-O
9. Bb2 Nbd7 10. cxd5 Nxd5 11. Nxd5 cxd5 12. Rc1 Rc8 13. Qd2 Nf6 14. Rxc8 Qxc8
15. Rc1 Qb8 16. Ba3 Ne4 17. Qb2 Re8 18. Bb5 Rc8 19. Bxe7 a6 20. Bd7 Rc7 21. Ne5
Bxe5 22. dxe5 Rxd7 23. Bh4 Rc7 24. f3 Rxc1+ 25. Qxc1 Nc5 26. b4 Ne6 27. Bf6 Qc8
28. Qd2 Qc4 29. h3 d4 30. e4 Qc3 31. Qf2 Qe3 32. Qxe3 dxe3 33. Kf1 Nd4 34. Bd8
Bc6 35. Bxb6 Bb5+ 36. Kg1 e2 0-1

[Event "Titled Tue 10th Jun Late"]
[Site "chess.com INT"]
[Date "2025.06.10"]
[Round "1"]
[White "Sharankov, Grigory"]
[Black "Norowitz, Yaacov"]
[Result "0-1"]
[WhiteTitle "CM"]
[BlackTitle "IM"]
[WhiteElo "2238"]
[BlackElo "2400"]
[WhiteFideId "4168356"]
[BlackFideId "2024799"]
[EventDate "2025.06.10"]

1. e4 c6 2. d4 d5 3. e5 Bf5 4. h4 Qb6 5. g4 Bd7 6. c4 e6 7. c5 Qd8 8. Nc3 b6 9.
Be3 bxc5 10. dxc5 h5 11. g5 Ne7 12. Qb3 Qc7 13. f4 Nf5 14. Bf2 Bc8 15. Nf3 Ba6
16. Bh3 Bc4 17. Qc2 Na6 18. Bxf5 exf5 19. a3 Bxc5 20. Qxf5 Bxf2+ 21. Kxf2 g6 22.
Qf6 O-O 23. f5 Kh7 24. e6 Nc5 25. Ne5 Qxe5 0-1

[Event "Titled Tue 10th Jun Late"]
[Site "chess.com INT"]
[Date "2025.06.10"]
[Round "1"]
[White "Sahbudak, Baris Cinar"]
[Black "Sanal, Vahap"]
[Result "0-1"]
[WhiteTitle "CM"]
[BlackTitle "GM"]
[WhiteElo "2072"]
[BlackElo "2564"]
[WhiteFideId "26351633"]
[BlackFideId "6300545"]
[EventDate "2025.06.10"]

1. e4 e5 2. Nc3 Nf6 3. Bc4 c6 4. d4 exd4 5. Qxd4 d6 6. Nge2 Be7 7. O-O O-O 8.
Bf4 b5 9. Bb3 c5 10. Qe3 c4 11. Nxb5 cxb3 12. axb3 Nc6 13. Rfd1 Ng4 14. Qg3 Nge5
15. Ned4 Nxd4 16. Rxd4 Qb6 17. c4 a6 18. Rd5 Be6 19. Be3 Qb8 20. Nd4 Bxd5 21.
exd5 Bf6 22. Nf5 Qxb3 23. Nh6+ Kh8 24. Nf5 Nxc4 25. Qg4 Nxe3 26. Nxe3 Qxb2 27.
Rf1 Rac8 0-1

[Event "Titled Tue 10th Jun Late"]
[Site "chess.com INT"]
[Date "2025.06.10"]
[Round "1"]
[White "Winkels, Marcel"]
[Black "Walmer, Benjamin"]
[Result "0-1"]
[WhiteTitle "CM"]
[WhiteElo "1905"]
[BlackElo "1990"]
[WhiteFideId "1003887"]
[BlackFideId "30958164"]
[EventDate "2025.06.10"]

1. e4 e6 2. d4 d5 3. Nc3 Ne7 4. Bg5 dxe4 5. Nxe4 Bd7 6. Nf3 Bc6 7. Bd3 Nd7 8.
O-O f6 9. Bh4 Nf5 10. Re1 h5 11. Bg3 h4 12. Bf4 Be7 13. Nc5 Nxc5 14. dxc5 Qd5
15. Be4 Qxc5 16. Bxf5 Qxf5 17. Bxc7 h3 18. Nd4 Qd5 19. Nxc6 Qxg2# 0-1

[Event "Titled Tue 10th Jun Late"]
[Site "chess.com INT"]
[Date "2025.06.10"]
[Round "1"]
[White "Brodowski, Piotr"]
[Black "Bhatia, Kanishka"]
[Result "1-0"]
[WhiteTitle "IM"]
[BlackTitle "WCM"]
[WhiteElo "2452"]
[BlackElo "1965"]
[WhiteFideId "1124480"]
[BlackFideId "2410095"]
[EventDate "2025.06.10"]

1. d4 Nf6 2. Nf3 e6 3. g3 d5 4. Bg2 Be7 5. O-O O-O 6. c4 c6 7. b3 Nbd7 8. Bb2 b6
9. Nc3 Bb7 10. Qc2 Rc8 11. Rad1 Qc7 12. Rfe1 Rfd8 13. e4 dxe4 14. Nxe4 Nxe4 15.
Qxe4 c5 16. d5 Nf6 17. Qe2 Re8 18. dxe6 Bf8 19. exf7+ Qxf7 20. Ne5 Bxg2 21. Kxg2
Qb7+ 22. Qf3 Qc7 23. Rd7 Nxd7 24. Qd5+ Kh8 25. Nf7+ 1-0

[Event "Titled Tue 10th Jun Late"]
[Site "chess.com INT"]
[Date "2025.06.10"]
[Round "1"]
[White "Tekeyev, Zaur"]
[Black "Andrade, Ivan"]
[Result "1-0"]
[WhiteTitle "IM"]
[BlackTitle "FM"]
[WhiteElo "2407"]
[BlackElo "2144"]
[WhiteFideId "4199731"]
[BlackFideId "14800039"]
[EventDate "2025.06.10"]

1. e4 c5 2. Nf3 d6 3. d4 cxd4 4. Nxd4 Nf6 5. Nc3 a6 6. Nf3 e6 7. e5 dxe5 8.
Qxd8+ Kxd8 9. Nxe5 Ke8 10. g3 Bd6 11. Nc4 Bc7 12. Bg2 Nc6 13. Be3 Bd7 14. O-O-O
b5 15. Nd6+ Bxd6 16. Rxd6 Rc8 17. Rhd1 h6 18. h3 Ke7 19. Bc5 Ke8 20. Be3 Ke7 21.
Ne4 Be8 22. Bc5 Nxe4 23. Rxc6+ Nxc5 24. Rxc8 Nd7 25. Rc7 Kf6 26. Rcxd7 Bxd7 27.
Rxd7 1-0

[Event "Titled Tue 10th Jun Late"]
[Site "chess.com INT"]
[Date "2025.06.10"]
[Round "1"]
[White "Salinas Herrera, Pablo"]
[Black "Jimenez Salas, Maria Teresa"]
[Result "1-0"]
[WhiteTitle "GM"]
[BlackTitle "WIM"]
[WhiteElo "2447"]
[BlackElo "2170"]
[WhiteFideId "3407128"]
[BlackFideId "3843866"]
[EventDate "2025.06.10"]

1. d4 d5 2. Nf3 Nf6 3. Bf4 c5 4. e3 Nc6 5. Nbd2 Bg4 6. c3 Qb6 7. Qb3 c4 8. Qc2
e6 9. b3 cxb3 10. axb3 Be7 11. Bd3 O-O 12. O-O Rfc8 13. Qb2 a6 14. Rfc1 Na5 15.
Ne5 Bh5 16. b4 Nc6 17. Nb3 Nxe5 18. Bxe5 Nd7 19. Bg3 Bg6 20. Bf1 Qd8 21. Nc5 Ra7
22. h3 Nb6 23. Qa2 h5 24. Qa5 h4 25. Bh2 Be4 26. Nxe4 dxe4 27. c4 Nd7 28. Qa4
Nb6 29. Qb3 Raa8 30. b5 axb5 31. Qxb5 Rxa1 32. Rxa1 Rc6 33. c5 Nd5 34. Qxb7 Rc8
35. Ra7 Rc7 36. Bxc7 1-0

[Event "Titled Tue 10th Jun Late"]
[Site "chess.com INT"]
[Date "2025.06.10"]
[Round "1"]
[White "Thomforde-Toates, Noah"]
[Black "Dominguez, Ramiro"]
[Result "1-0"]
[BlackTitle "FM"]
[WhiteElo "2128"]
[BlackElo "2210"]
[WhiteFideId "30951992"]
[BlackFideId "4420055"]
[EventDate "2025.06.10"]

1. d4 Nf6 2. Nc3 d5 3. Bf4 e6 4. e3 Bd6 5. Nf3 O-O 6. Bd3 a6 7. O-O c5 8. dxc5
Bxc5 9. e4 Nc6 10. e5 Ne4 11. Nxe4 dxe4 12. Bxe4 Qxd1 13. Raxd1 h6 14. c3 Rb8
15. b4 Ba7 16. Rd6 Ne7 17. Rfd1 b5 18. g3 Bb7 19. Bxb7 Rxb7 20. Rxa6 Rc8 21. Rd3
Nd5 22. Bd2 Bb8 23. Kg2 Kh7 24. a4 bxa4 25. Rxa4 Nb6 26. Ra1 Nc4 27. Re1 Rb5 28.
Rd7 Kg8 29. Re4 Nxd2 30. Rxd2 Rxc3 31. Rd8+ Kh7 32. Rd7 Kg8 33. Rf4 Rc7 34.
Rfxf7 Rxd7 35. Rxd7 Rxb4 36. Re7 Rb2 37. g4 Kf8 38. Rd7 Rb5 39. Nd4 Bxe5 40.
Nxb5 1-0

[Event "Titled Tue 10th Jun Late"]
[Site "chess.com INT"]
[Date "2025.06.10"]
[Round "1"]
[White "Buchenau, Frank"]
[Black "Nakonechnyi, Oleksii"]
[Result "0-1"]
[WhiteTitle "FM"]
[BlackTitle "CM"]
[WhiteElo "2205"]
[BlackElo "2222"]
[WhiteFideId "4604350"]
[BlackFideId "34173714"]
[EventDate "2025.06.10"]

1. e4 c5 2. g3 d6 3. Bg2 Nf6 4. Ne2 e6 5. c3 Be7 6. d4 O-O 7. O-O cxd4 8. cxd4
Nc6 9. Nbc3 a6 10. h3 d5 11. e5 Ne8 12. f4 f5 13. Be3 b5 14. Rc1 Bb7 15. g4 g6
16. Kh2 Kh8 17. Rg1 Rg8 18. Bf3 Ng7 19. Ng3 Na5 20. b3 Rc8 21. Nce2 Rxc1 22.
Nxc1 Qd7 23. Nd3 Rc8 24. Qd2 Nc6 25. gxf5 exf5 26. Nc5 Bxc5 27. dxc5 Rd8 28. Rd1
d4 29. Bf2 Ne6 30. b4 Ne7 31. Bxb7 Qxb7 32. Ne2 Nc6 33. a3 Qd7 34. Bh4 g5 35.
Bxg5 Nxg5 36. fxg5 Nxe5 37. Qf4 Qd5 38. Ng1 Qe4 0-1

[Event "Titled Tue 10th Jun Late"]
[Site "chess.com INT"]
[Date "2025.06.10"]
[Round "1"]
[White "Oksendal, Martin"]
[Black "Schracke, Guido"]
[Result "1/2-1/2"]
[WhiteTitle "FM"]
[BlackTitle "CM"]
[WhiteElo "2235"]
[BlackElo "2138"]
[WhiteFideId "1554107"]
[BlackFideId "4637054"]
[EventDate "2025.06.10"]

1. Nf3 c5 2. g3 Nc6 3. Bg2 d6 4. O-O Nf6 5. d4 cxd4 6. Nxd4 Bd7 7. c4 g6 8. Nc3
Bg7 9. Nxc6 Bxc6 10. Bxc6+ bxc6 11. Rb1 O-O 12. b3 a5 13. Bb2 Qc7 14. e4 Nd7 15.
Qe2 Nc5 16. Rfd1 a4 17. b4 Ne6 18. a3 Nd4 19. Qe3 c5 20. Nd5 Qa7 21. b5 Nc2 22.
Qd3 Bxb2 23. Rxb2 Nd4 24. Qc3 Rfb8 25. b6 Qd7 26. Nc7 e5 27. Nxa8 Rxa8 28. b7
Rb8 29. Rdb1 Qc6 30. Qa5 Qxe4 31. f3 Qe3+ 32. Rf2 Nxf3+ 33. Kg2 Ne1+ 34. Rxe1
Qxe1 35. Qc7 Qe4+ 36. Rf3 Rxb7 37. Qd8+ Kg7 38. Qf6+ Kg8 39. Qd8+ Kg7 40. Qf6+
Kg8 41. Qd8+ 1/2-1/2